000 01404nam a22002897a 4500
008 130821s2008 ck a gr spa
020 _a9789584443830
040 _aCo-BoUCM
_bspa
041 0 0 _aspa
245 0 4 _aLos negocios inclusivos en Colombia
_cConsejo Empresarial Colombiano para el Desarrollo Sostenible. CECODES y SNV.
246 0 4 _aAlianza para los negocios inclusivos
260 _aBogotá (Colombia)
_b[Editorial desconocida]
_c2008
300 _a84 páginas
_bilustraciones color
_e1 DVD
500 _aCon la participación de: Natura, INDUPALMA, Alpina, Compañia Nacional de Chocolates, Federación Nacional de Cafeteros de Colombia, CasaLuker, Promigas, PAVCO y Bancolombia.
500 _aEl DVD contiene el video sobre la fomación y desarrollo del proyecto INDUPALMA.
504 _aIncluye índice general.
650 0 4 _aAgricultura
_98719
650 0 4 _aDesarrollo económico
_9438
650 0 4 _aEmpresas comerciales
_vAspectos sociales
_zColombia
_914115
650 0 4 _aEmpresas
_zColombia
_97561
650 0 4 _aPequeña y mediana empresa
_zColombia
_921281
650 0 4 _aResponsabilidad social de los negocios
_923694
710 2 _aConsejo Empresarial Colombiano para el Desarrollo Sostenible. CECODES
_9121694
710 2 _aServicio Holandés de Cooperación al Desarrollo. SNV
_9153857
942 _cLIBRO
_a7
_e1
_mN384
_2DEWEY
_h338.7
999 _c92725
_d92725